000 00858nam a2200217 a 4500
001 000023427
005 20200930022219.0
008 101207s1978 ru ac r 000 0 spa d
040 _aDO-SdBNP
_bspa
_cBNPHU
041 1 7 _aspa
_hrus
_2Código de idiomas MARC
082 _annnn
_bP832s
240 1 0 _aДОРГОЙ ОТВАЖНЫХ
_lEspañol.
245 0 0 _aPor la senda de los valientes :
_brelatos acerca de jóvenes héroes de la gran guerra patria /
_ctraducción de César Astor ; presentación de G. Filátov.
260 _aMoscú :
_bProgreso,
_c1978.
300 _a304, [7] p. :
_bil., retrs. ;
_c21 cm.
504 _aIncluye referencias bibliográficas y notas al pie de las páginas.
534 _pTítulo original en ruso:
_tДОРГОЙ ОТВАЖНЫХ.
700 1 _aFilátov, G.,
_948272
700 1 _aAstor, César,
_etr.
_948273
049 _aBNGR
999 _c22924
_d22924